000 01637nam a22004217a 4500
003 CHAP
005 20220329140920.0
008 971013s1984 r 10010 d
010 _a59750
011 _a60722
035 _a64884
040 _cCHAP
082 _a628.1
_bM42
111 0 0 _aMesa Redonda sobre Tecnología Adecuada para el Aprovechamiento y Uso del Agua (
_d1984
_c: México, D.F.)
_975108
245 _aProblemática del desarrollo tecnológico nacional
_b: memoria
260 _aMéxico, D.F. :
_bAcademia Mexicana de Ingeniería,
_c1984
300 _a270 p.
490 _aAlternativas tecnológicas
_v; 5
590 _aBATCH-UPD
_b10
_c20130110
_lUCH01
_h0339
590 _aBATCH-UPD
_b10
_c20130110
_lUCH01
_h1956
590 _aBATCH-UPD
_b10
_c20130410
_lUCH01
_h0012
590 _aBATCH-UPD
_b10
_c20130410
_lUCH01
_h1534
590 _aBATCH-UPD
_b10
_c20130914
_lUCH01
_h0306
590 _aBATCH-UPD
_b10
_c20141001
_lUCH01
_h1311
590 _aCONVERSION
_b10
_c20130109
_lUCH01
_h1332
650 1 4 _aAgua
_xAbastecimiento.
_92223
650 1 4 _aAgua
_xAprovechamiento.
_92282
650 1 4 _aAgua
_xContaminación.
_92351
650 1 4 _aAgua
_xUtilización.
_92401
650 1 4 _aEcología
_xCongresos.
_935138
650 1 4 _aMedio ambiente
_xContaminación.
_974069
711 0 _aMesa Redonda sobre Tecnología Adecuada para la Defensa del Patrimonio Ecológico (1984 : México, D.F.)
_975110
830 0 _aAlternativas tecnologicas
_v; 5
_94687
901 _aBK
942 _cLIBRO
949 _a628.1 M42
_bBC
_cCONG
_d-142934
_eCONG
_fc.2
_h90228
_i64884
_si
949 _a628.1 M42
_bBC
_cLIBRO
_d33724000084331
_eLIBRO
_h64993
_i64884
_si
999 _c59750
_d59750